| 000 | 00748nam a2200241Ia 4500 | ||
|---|---|---|---|
| 008 | 160803s9999 xx 000 0 und d | ||
| 020 | _a0 439228743 | ||
| 100 | _aHewitt, Sally | ||
| 245 | _aAnimal homes / | ||
| 245 | _cwritten by Sally Hewitt ; story by Inga Phipps ; main illustrations, Fiametta Dogi ; editors, Julia Hillyard and Sarah Levete]. | ||
| 260 | _aNew York : | ||
| 260 | _bScholastic Inc. | ||
| 260 | _c2000 | ||
| 300 | _a30 pages : | ||
| 300 | _bchiefly color illustrations ; | ||
| 300 | _c28 cm. | ||
| 500 | _a"Facts, questions, puzzles, a story"--Cover. | ||
| 650 | _aAnimals -- | ||
| 650 | _aAnimals -- Habitations -- | ||
| 650 | _xJuvenile literature. | ||
| 650 | _xJuvenile literature. | ||
| 700 | _a700 | ||
| 999 |
_c298792 _d298792 |
||